[Event "BCF-chT2 2324 (4NCL)"]
[Site "England"]
[Date "2024.05.06"]
[Round "11.43"]
[White "Valdepenas Octavio, Javier"]
[Black "Webster, Peter AN"]
[Result "1-0"]
[WhiteElo "2182"]
[BlackElo "1909"]
[PlyCount "101"]
[EventDate "2023.11.11"]
[EventType "team-tourn"]
[EventRounds "11"]
[EventCountry "ENG"]
[SourceTitle "CBM 219 Extra"]
[Source "ChessBase"]
[SourceDate "2024.05.31"]
[SourceVersion "1"]
[SourceVersionDate "2024.05.31"]
[SourceQuality "1"]
[WhiteTeam "Warwicks Select"]
[BlackTeam "Cambridge University II"]
[WhiteTeamCountry "ENG"]
[BlackTeamCountry "ENG"]

1. e4 e6 2. d4 d5 3. Nd2 Nf6 4. e5 Nfd7 5. Bd3 c5 6. c3 Nc6 7. Ne2 cxd4 8. cxd4 f6 9. exf6 Nxf6 10. 0-0 Bd6 11. Nf3 0-0 12. Bf4 Bxf4 13. Nxf4 Ne4 14. Qc1 Ng5 15. Nxg5 Qxg5 16. Ne2 Qxc1 17. Raxc1 Bd7 18. Bb5 Rac8 19. Bxc6 Rxc6 20. Rxc6 Bxc6 21. Rc1 g5 22. f3 Bb5 23. Ng3 Bd3 24. Kf2 Bg6 25. Ke3 h5 26. Ne2 h4 27. Rc5 Bh5 28. h3 Rf7 29. Nc3 Kg7 30. Nb5 a6 31. Nd6 Rd7 32. Nc8 Kf6 33. a4 Kf5 34. b4 Be8 35. a5 e5 36. Nb6 exd4+ 37. Kxd4 Rd8 38. Rc7 Kf4 39. Rxb7 Kg3 40. Rg7 Kxg2 41. Rxg5+ Kxh3 42. Rg8 Kh2 43. f4 h3 44. f5 Rd6 45. Rxe8 Kg2 46. Rg8+ Kf2 47. Rh8 Kg2 48. Ke5 Rc6 49. f6 Rc1 50. f7 Re1+ 51. Kxd5 1-0

[Event "BCF-chT2 2324 (4NCL)"]
[Site "England"]
[Date "2024.02.11"]
[Round "6.65"]
[White "Webster, Peter AN"]
[Black "Shaw, Dashiell"]
[Result "1/2-1/2"]
[WhiteElo "1909"]
[BlackElo "1933"]
[PlyCount "78"]
[EventDate "2023.11.11"]
[EventType "team-tourn"]
[EventRounds "11"]
[EventCountry "ENG"]
[SourceTitle "CBM 219 Extra"]
[Source "ChessBase"]
[SourceDate "2024.05.31"]
[SourceVersion "1"]
[SourceVersionDate "2024.05.31"]
[SourceQuality "1"]
[WhiteTeam "Cambridge University II"]
[BlackTeam "Sussex Martlets"]
[WhiteTeamCountry "ENG"]
[BlackTeamCountry "ENG"]

1. e4 c5 2. c3 Nf6 3. e5 Nd5 4. d4 cxd4 5. Nf3 Nc6 6. Bc4 Nb6 7. Bb3 d5 8. exd6 e6 9. Nxd4 Nxd4 10. Qxd4 Qxd6 11. Be3 Qxd4 12. Bxd4 Nd7 13. 0-0 b6 14. Nd2 Bb7 15. f4 Bc5 16. Nf3 0-0 17. Rad1 Rad8 18. Rf2 Bxd4 19. Rxd4 Nf6 20. Rfd2 Rxd4 21. Rxd4 Bxf3 22. gxf3 Rc8 23. Kf2 Kf8 24. Ke3 Ke7 25. Bc4 Rc5 26. b4 Rh5 27. Rd2 Rh3 28. Rg2 g6 29. a4 Rh4 30. a5 Nh5 31. axb6 axb6 32. Ra2 Rxf4 33. Bb5 e5 34. Ra7+ Kd8 35. Rb7 Rf6 36. Ke4 Rf4+ 37. Ke3 Rf6 38. Ke4 Rf4+ 39. Ke3 Rf6 1/2-1/2

[Event "BCF-chT2 2324 (4NCL)"]
[Site "England"]
[Date "2023.11.11"]
[Round "2.43"]
[White "Lalic, Peter"]
[Black "Webster, Peter AN"]
[Result "1/2-1/2"]
[WhiteElo "2112"]
[BlackElo "1909"]
[PlyCount "130"]
[EventDate "2023.11.11"]
[EventType "team-tourn"]
[EventRounds "11"]
[EventCountry "ENG"]
[SourceTitle "CBM 217 Extra"]
[Source "ChessBase"]
[SourceDate "2024.01.31"]
[SourceVersion "1"]
[SourceVersionDate "2024.01.31"]
[SourceQuality "1"]
[WhiteTeam "CSC/Kingston"]
[BlackTeam "Cambridge University II"]
[WhiteTeamCountry "ENG"]
[BlackTeamCountry "ENG"]

1. e4 e6 2. d3 d5 3. Nc3 dxe4 4. dxe4 Qxd1+ 5. Nxd1 Nc6 6. f3 Bc5 7. c3 a5 8. Nh3 Nge7 9. Nhf2 0-0 10. Nd3 Bd6 11. f4 e5 12. f5 Kh8 13. g4 f6 14. a4 b6 15. Ke2 Bb7 16. Kf3 Nd8 17. Bg2 Nf7 18. h4 g6 19. Ne3 gxf5 20. gxf5 Nh6 21. Kf2 Rg8 22. Bf3 Bc6 23. Re1 Rae8 24. Nd5 Bxd5 25. Bxh6 Bc4 26. Rad1 Bb3 27. Rc1 Bc4 28. Red1 Bb3 29. Rg1 Bxa4 30. Bg4 Bc6 31. Ke3 Nc8 32. Bh5 Rxg1 33. Rxg1 Rg8 34. Rxg8+ Kxg8 35. Be2 Bf8 36. Bxf8 Kxf8 37. Nf2 Nd6 38. Bd3 Kg7 39. Ng4 b5 40. Nf2 Be8 41. Kd2 c5 42. Kc1 Bf7 43. Kd2 b4 44. Kc1 Nc4 45. Bxc4 Bxc4 46. Kc2 a4 47. Ng4 a3 48. bxa3 bxa3 49. Ne3 a2 50. Kb2 Bd3 51. Kxa2 Bxe4 52. Kb3 Bd3 53. Ka4 Kh6 54. Ng4+ Kh5 55. Nxf6+ Kxh4 56. Nxh7 Bxf5 57. Nf6 c4 58. Kb4 Bd3 59. Kc5 Kg5 60. Nd5 Kf5 61. Kd6 Be2 62. Ne7+ Ke4 63. Nc6 Kd3 64. Nxe5+ Kxc3 65. Nxc4 Bxc4 1/2-1/2

[Event "BCF-chT2 2324 (4NCL)"]
[Site "England"]
[Date "2023.11.11"]
[Round "1.23"]
[White "Webster, Peter AN"]
[Black "Gallagher, Daniel GH"]
[Result "0-1"]
[WhiteElo "1909"]
[BlackElo "2214"]
[PlyCount "120"]
[EventDate "2023.11.11"]
[EventType "team-tourn"]
[EventRounds "11"]
[EventCountry "ENG"]
[SourceTitle "CBM 217 Extra"]
[Source "ChessBase"]
[SourceDate "2024.01.31"]
[SourceVersion "1"]
[SourceVersionDate "2024.01.31"]
[SourceQuality "1"]
[WhiteTeam "Cambridge University II"]
[BlackTeam "Cambridge University"]
[WhiteTeamCountry "ENG"]
[BlackTeamCountry "ENG"]

1. e4 e5 2. Nf3 Nc6 3. Bb5 a6 4. Bxc6 dxc6 5. 0-0 Qf6 6. d4 exd4 7. Bg5 Qd6 8. Nxd4 Be7 9. Bxe7 Nxe7 10. Nc3 Bd7 11. Re1 0-0-0 12. Nb3 Qe5 13. Qd4 Qxd4 14. Nxd4 Bg4 15. Nb3 b6 16. h3 Bd7 17. Rad1 h5 18. Re3 Ng6 19. Nd4 Rhe8 20. Nf5 Bxf5 21. exf5 Nh4 22. Rxe8 Rxe8 23. g4 hxg4 24. hxg4 Nf3+ 25. Kg2 Ne1+ 26. Kg3 Nxc2 27. Rd2 Ne1 28. g5 Rd8 29. Re2 Nd3 30. Re7 Rd7 31. Re8+ Rd8 32. Re7 Rf8 33. b3 Nc5 34. Kg4 Nd7 35. g6 Kd8 36. Re2 fxg6 37. fxg6 Rf6 38. Kh5 Nf8 39. Rd2+ Ke7 40. Re2+ Kd8 41. Rd2+ Kc8 42. Re2 Nxg6 43. Re8+ Kd7 44. Rg8 Nf4+ 45. Kg4 Ne6 46. f3 Rf4+ 47. Kg3 Rf8 48. Rxf8 Nxf8 49. Kg4 Ke6 50. f4 c5 51. a4 c6 52. f5+ Ke5 53. Ne2 b5 54. Kg5 c4 55. axb5 cxb5 56. b4 Ke4 57. f6 Nh7+ 58. Kg6 Nxf6 59. Kxg7 Nd5 60. Ng3+ Kd3 0-1

[Event "BCF-chT3E 2223 (4NCL)"]
[Site "England"]
[Date "2023.01.08"]
[Round "4.44"]
[White "Brown, Alan M"]
[Black "Webster, Peter AN"]
[Result "1/2-1/2"]
[WhiteElo "1997"]
[BlackElo "1937"]
[PlyCount "83"]
[EventDate "2022.11.05"]
[EventType "team-tourn"]
[EventRounds "11"]
[EventCountry "ENG"]
[SourceTitle "EXT 2024"]
[Source "ChessBase"]
[SourceDate "2023.10.10"]
[SourceVersion "1"]
[SourceVersionDate "2023.10.10"]
[SourceQuality "1"]
[WhiteTeam "MK Phoenix"]
[BlackTeam "Cambridge University II"]
[WhiteTeamCountry "ENG"]
[BlackTeamCountry "ENG"]

1. d4 e6 2. c4 Nf6 3. Nc3 Bb4 4. Qc2 d5 5. a3 Be7 6. Nf3 0-0 7. Bg5 Nbd7 8. e3 h6 9. Bh4 a6 10. Be2 dxc4 11. Bxc4 b6 12. 0-0 Bb7 13. Be2 Rc8 14. Rfd1 Nd5 15. Bxe7 Qxe7 16. Nxd5 exd5 17. Qf5 g6 18. Qf4 Kg7 19. Rac1 c5 20. Bd3 c4 21. Bb1 Rfe8 22. Qg3 Rc6 23. Bf5 Bc8 24. Bxd7 Bxd7 25. Ne5 Rd6 26. Re1 Qg5 27. Nxd7 Qxg3 28. hxg3 Rxd7 29. Kf1 b5 30. Ke2 Rb7 31. Kd2 b4 32. axb4 Rxb4 33. Rc2 Reb8 34. Ra1 R8b6 35. Ra5 R4b5 36. Rxb5 Rxb5 37. Kc1 f5 38. Rc3 Kf6 39. Ra3 a5 40. Kc2 Ke6 41. Ra1 Kd6 42. Ra3 1/2-1/2

[Event "BCF-chT3E 2223 (4NCL)"]
[Site "England"]
[Date "2022.11.06"]
[Round "2.24"]
[White "Webster, Peter AN"]
[Black "Galer, Sebastian"]
[Result "1/2-1/2"]
[WhiteElo "1937"]
[BlackElo "2064"]
[PlyCount "66"]
[EventDate "2022.11.05"]
[EventType "team-tourn"]
[EventRounds "11"]
[EventCountry "ENG"]
[SourceTitle "EXT 2024"]
[Source "ChessBase"]
[SourceDate "2023.10.10"]
[SourceVersion "1"]
[SourceVersionDate "2023.10.10"]
[SourceQuality "1"]
[WhiteTeam "Cambridge University II"]
[BlackTeam "Guildford Castles"]
[WhiteTeamCountry "ENG"]
[BlackTeamCountry "ENG"]

1. e4 e5 2. Nf3 Nc6 3. Bb5 a6 4. Bxc6 dxc6 5. 0-0 Bd6 6. d4 Bg4 7. dxe5 Bxf3 8. Qxf3 Bxe5 9. Nd2 Qf6 10. Qxf6 Nxf6 11. Nf3 Nd7 12. Nxe5 Nxe5 13. Bf4 f6 14. Rad1 Ke7 15. Bxe5 fxe5 16. Rd3 Rad8 17. Rfd1 Rd6 18. f3 Rhd8 19. Kf2 Ke6 20. Ke3 c5 21. h4 c4 22. R3d2 h6 23. g3 g5 24. hxg5 hxg5 25. Rxd6+ cxd6 26. Rh1 b5 27. Rh6+ Kd7 28. a3 Rg8 29. b3 cxb3 30. cxb3 a5 31. Rh7+ Kc6 32. Ra7 Kb6 33. Rd7 Kc6 1/2-1/2

[Event "BCF-chT3S 1819 (4NCL) Demotion pool"]
[Site "England"]
[Date "2019.05.04"]
[Round "9.72"]
[White "Clark, Kevin R"]
[Black "Webster, Peter AN"]
[Result "1-0"]
[WhiteElo "2125"]
[BlackElo "1887"]
[PlyCount "67"]
[EventDate "2019.04.14"]
[EventType "team-tourn"]
[EventRounds "11"]
[EventCountry "ENG"]
[SourceTitle "EXT 2021"]
[Source "ChessBase"]
[SourceDate "2020.10.23"]
[SourceVersion "1"]
[SourceVersionDate "2020.10.23"]
[SourceQuality "1"]
[WhiteTeam "Poisoned Pawns"]
[BlackTeam "Cambridge University II"]
[WhiteTeamCountry "ENG"]
[BlackTeamCountry "ENG"]

1. e4 e6 2. d4 d5 3. Nd2 Nf6 4. e5 Nfd7 5. c3 c5 6. Bd3 Nc6 7. Ne2 cxd4 8. cxd4 f6 9. exf6 Nxf6 10. Nf3 Qc7 11. Nc3 a6 12. 0-0 Bd6 13. Bg5 0-0 14. Rc1 Bd7 15. Re1 Ng4 16. h3 Bh2+ 17. Kf1 Nxf2 18. Kxf2 Qg3+ 19. Ke3 Qxg2 20. Rf1 Rxf3+ 21. Qxf3 Qxg5+ 22. Kf2 Nxd4 23. Qg4 Qd2+ 24. Be2 Nxe2 25. Qxe2 Qf4+ 26. Kg2 Qg3+ 27. Kh1 d4 28. Ne4 Qxh3 29. Qxh2 Qg4 30. Nf6+ gxf6 31. Rg1 e5 32. Rc7 Kf8 33. Rxg4 Bxg4 34. Qxh7 1-0

[Event "BCF-chT3Sa 1819 (4NCL)"]
[Site "England"]
[Date "2018.11.17"]
[Round "1.23"]
[White "Agnew, Alan"]
[Black "Webster, Peter AN"]
[Result "1-0"]
[WhiteElo "2061"]
[BlackElo "1891"]
[PlyCount "93"]
[EventDate "2018.11.17"]
[EventType "team-tourn"]
[EventRounds "7"]
[EventCountry "ENG"]
[SourceTitle "EXT 2021"]
[Source "ChessBase"]
[SourceDate "2020.10.23"]
[SourceVersion "1"]
[SourceVersionDate "2020.10.23"]
[SourceQuality "1"]
[WhiteTeam "Fermented Sharks"]
[BlackTeam "Cambridge University II"]
[WhiteTeamCountry "ENG"]
[BlackTeamCountry "ENG"]

1. d4 e6 2. c4 Nf6 3. Nc3 Bb4 4. e3 c5 5. Bd3 Nc6 6. Nf3 Bxc3+ 7. bxc3 d6 8. e4 e5 9. d5 Ne7 10. 0-0 Ng6 11. Ne1 Qe7 12. Rb1 0-0 13. g3 Bh3 14. Ng2 b6 15. f3 Nd7 16. Qc2 Rae8 17. Rf2 Bxg2 18. Kxg2 Nh8 19. a4 g5 20. Be3 Ng6 21. Qc1 f6 22. Ra2 a5 23. Kh1 Rf7 24. Bf1 h5 25. Bh3 Ngf8 26. Bf5 Rg7 27. h4 gxh4 28. gxh4 Rg3 29. Kh2 Rxf3 30. Rg2+ Kh8 31. Bh6 Rf4 32. Bxf4 exf4 33. Qxf4 Qe5 34. Qxe5 Nxe5 35. Rxb6 Nxc4 36. Rb7 Ne3 37. Rgg7 Nxf5 38. exf5 Re4 39. Kh3 Rxa4 40. Rgf7 Kg8 41. Rxf6 Rc4 42. Rb8 Rxc3+ 43. Kg2 Rc2+ 44. Kf3 a4 45. Rbxf8+ Kg7 46. R8f7+ Kg8 47. Ra7 1-0

[Event "BCF-chT3S 1718 (4NCL) Promotion pool"]
[Site "England"]
[Date "2018.05.07"]
[Round "11.46"]
[White "Webster, Peter AN"]
[Black "Staples, Neil"]
[Result "1/2-1/2"]
[WhiteElo "1897"]
[BlackElo "1861"]
[PlyCount "138"]
[EventDate "2017.11.11"]
[EventType "team-tourn"]
[EventRounds "11"]
[EventCountry "ENG"]
[SourceTitle "EXT 2020"]
[Source "ChessBase"]
[SourceDate "2019.10.17"]
[SourceVersion "1"]
[SourceVersionDate "2019.10.17"]
[SourceQuality "1"]
[WhiteTeam "Cambridge University II"]
[BlackTeam "Oxford II"]
[WhiteTeamCountry "ENG"]
[BlackTeamCountry "ENG"]

1. e4 d5 2. exd5 Qxd5 3. Nc3 Qd8 4. d4 Nf6 5. Nf3 c6 6. Bc4 Bf5 7. Ne5 e6 8. g4 Bg6 9. h4 Nbd7 10. Nxd7 Qxd7 11. h5 Be4 12. Nxe4 Nxe4 13. Qd3 Nd6 14. Bb3 Nb5 15. Be3 0-0-0 16. 0-0-0 Be7 17. g5 Nc7 18. Qe4 Nd5 19. Bd2 Nc7 20. c3 Ne8 21. g6 Nf6 22. Qe2 hxg6 23. hxg6 Rxh1 24. Rxh1 Nd5 25. gxf7 Bf6 26. Re1 Qxf7 27. Qxe6+ Qxe6 28. Rxe6 Nc7 29. Re1 Rh8 30. Bf4 Rh4 31. Be5 Bxe5 32. dxe5 Rf4 33. Re2 Kd8 34. Kd2 Ke7 35. Ke3 g5 36. f3 Rf5 37. Kf2 Ne6 38. Kg3 Nc5 39. Kg4 Rf8 40. Rh2 Nxb3 41. axb3 Ke6 42. Rh7 Rf4+ 43. Kg3 Rf5 44. Rxb7 Rxe5 45. Rxa7 Re2 46. Ra6 Kd6 47. b4 Rxb2 48. Ra5 Rc2 49. Rc5 Rc1 50. Kf2 Rc2+ 51. Ke3 Rc1 52. Kd4 Rf1 53. Rf5 Ke6 54. Rxg5 Rxf3 55. Rg6+ Kd7 56. c4 Rf5 57. Rg7+ Kd6 58. c5+ Ke6 59. Rg6+ Kd7 60. Rg7+ Ke6 61. Rg6+ Kd7 62. Kc4 Rf3 63. Rg7+ Kc8 64. Ra7 Kb8 65. Rd7 Kc8 66. Rd3 Rf4+ 67. Kb3 Rf1 68. Ka4 Kb7 69. Rc3 Rb1 1/2-1/2

[Event "BCF-chT4a 0405 (4NCL)"]
[Site "Telford"]
[Date "2005.04.17"]
[Round "8.4"]
[White "Webster, Peter AN"]
[Black "Armstrong, Malcolm J"]
[Result "1-0"]
[WhiteElo "2020"]
[BlackElo "2129"]
[PlyCount "121"]
[EventDate "2004.11.06"]
[EventType "team-tourn"]
[EventRounds "11"]
[EventCountry "ENG"]
[SourceTitle "EXT 2006"]
[Source "ChessBase"]
[SourceDate "2005.11.24"]
[SourceVersion "1"]
[SourceVersionDate "2005.11.24"]
[SourceQuality "1"]
[WhiteTeam "Cambridge II"]
[BlackTeam "Slough Sharks II"]
[WhiteTeamCountry "ENG"]
[BlackTeamCountry "ENG"]

1. e4 c6 2. d4 d5 3. exd5 cxd5 4. c4 Nf6 5. Nc3 Nc6 6. Nf3 e6 7. Bg5 Be7 8. Rc1 0-0 9. a3 a6 10. c5 Ne4 11. Bxe7 Qxe7 12. Be2 f5 13. h4 Bd7 14. b4 Be8 15. h5 Rf6 16. Ne5 Qc7 17. Nxc6 Bxc6 18. a4 Qf4 19. Bf3 Ng5 20. Be2 Ne4 21. Nxe4 fxe4 22. 0-0 e3 23. Bf3 Be8 24. Rc3 exf2+ 25. Rxf2 Bxh5 26. b5 axb5 27. axb5 Be8 28. c6 bxc6 29. bxc6 Rh6 30. Rb2 Qh2+ 31. Kf2 Qd6 32. c7 Rc8 33. Rb8 Bd7 34. Rxc8+ Bxc8 35. Qa4 Rf6 36. Qa8 Rf8 37. Qb8 Qf4 38. Qb4 Qd2+ 39. Kg3 Qg5+ 40. Kf2 Qh4+ 41. Ke2 g5 42. Qe7 Ba6+ 43. Kd2 Qxd4+ 44. Kc2 Qe5 45. Rc6 Bc8 46. Rd6 g4 47. Rxd5 Qf6 48. Qxf6 Rxf6 49. Rd8+ Rf8 50. Bc6 Kf7 51. Bd7 Bb7 52. Rxf8+ Kxf8 53. Bxe6 h5 54. Kc3 Ke7 55. c8Q Bxc8 56. Bxc8 Kf6 57. Kd4 Kg5 58. Ke3 h4 59. Bb7 Kf5 60. Bc8+ Kg5 61. Bd7 1-0

[Event "BCF-chT4 0304 (4NCL)"]
[Site "West Bromwich "]
[Date "2004.03.27"]
[Round "5.6"]
[White "De Mooi, Connagh Joseph"]
[Black "Webster, Peter AN"]
[Result "1/2-1/2"]
[WhiteElo "1720"]
[BlackElo "1800"]
[PlyCount "43"]
[EventDate "2003.10.??"]
[EventType "team-tourn"]
[EventRounds "11"]
[EventCountry "ENG"]
[SourceTitle "EXT 2005"]
[Source "ChessBase"]
[SourceDate "2004.11.15"]
[SourceVersion "1"]
[SourceVersionDate "2004.11.15"]
[SourceQuality "1"]
[WhiteTeam "Mindsports II"]
[BlackTeam "Cambridge"]
[WhiteTeamCountry "ENG"]
[BlackTeamCountry "ENG"]

1. e4 e6 2. Nf3 d5 3. e5 c5 4. b4 cxb4 5. a3 Nc6 6. axb4 Bxb4 7. c3 Be7 8. d4 f6 9. Bd3 Qc7 10. Bf4 f5 11. 0-0 Nh6 12. Bxh6 gxh6 13. Qd2 Bf8 14. Na3 Qg7 15. Rfc1 Bxa3 16. Rxa3 0-0 17. c4 Kh8 18. cxd5 exd5 19. Bb5 Rg8 20. Ne1 Bd7 21. Bxc6 Bxc6 22. Rg3 1/2-1/2